| Tag |
First Indicator |
Second Indicator |
Subfields |
| LEADER |
00000cam a22000008a 4500 |
| 001 |
in00000010863 |
| 005 |
20151007051931.0 |
| 008 |
870812s1988 mau 00110 eng |
| 010 |
|
|
|a 87023757
|
| 020 |
|
|
|a 0316770159 :
|c $19.50
|
| 035 |
|
|
|a (OCoLC)16649281
|
| 035 |
|
|
|9 AAA5525AM
|
| 040 |
|
|
|a DLC
|c DLC
|d TXA
|d UtOrBLW
|
| 043 |
|
|
|a n-us---
|
| 049 |
|
|
|a TXAM
|c [A11035015]
|
| 050 |
0 |
0 |
|a HV2551
|b .S26 1987
|
| 050 |
|
4 |
|a HV2551
|b .S26 1988
|
| 082 |
0 |
|
|a 371.91/2
|2 19
|
| 100 |
1 |
|
|a Sanders, Danielle M.,
|d 1942-
|
| 245 |
1 |
0 |
|a Teaching deaf children :
|b techniques and methods /
|c Danielle M. Sanders.
|
| 264 |
|
1 |
|a Boston :
|b Little, Brown,
|c 1988.
|
| 300 |
|
|
|a ix, 158 pages
|
| 336 |
|
|
|a text
|b txt
|2 rdacontent
|
| 337 |
|
|
|a unmediated
|b n
|2 rdamedia
|
| 338 |
|
|
|a volume
|b nc
|2 rdacarrier
|
| 500 |
|
|
|a "A College-Hill publication."
|
| 500 |
|
|
|a Includes index.
|
| 650 |
|
0 |
|a Deaf children
|x Education
|z United States.
|
| 650 |
|
0 |
|a Deaf children
|x Education
|z United States
|x Curricula.
|
| 650 |
|
0 |
|a Deafness in children
|x Education
|z United States.
|
| 650 |
|
0 |
|a Deafness in children
|x Education
|x United States
|x Curricula.
|
| 999 |
|
|
|a MARS
|
| 999 |
f |
f |
|s 6a3cdf0c-11ba-3f7d-b974-2eaac837c677
|i 1c1b62b3-9c20-3b30-885b-7faca50a8ec4
|t 0
|
| 952 |
f |
f |
|p ric
|a Texas A&M University
|b Rellis Campus
|c Joint Library Facility
|d Remote Storage
|t 0
|e HV2551 .S26 1988
|h Library of Congress classification
|i unmediated -- volume
|m A14811035015
|
| 998 |
f |
f |
|a HV2551 .S26 1988
|t 0
|l Remote Storage
|